| 000 | 00550nam a22002057a 4500 | ||
|---|---|---|---|
| 003 | BUBTL | ||
| 008 | 201110b xxu||||| |||| 00| 0 eng d | ||
| 020 | _a978-81-317-0496-7 | ||
| 082 | _a658.0072/KUR | ||
| 100 |
_aKumar, Ranjit _93783 |
||
| 245 |
_aResearch Methodology _bRanjit Kumar |
||
| 250 | _a2nd | ||
| 260 |
_aNew Delhi _bPearson _cc2005 |
||
| 300 |
_a[xix] , 332p . : _bill . ; 24cm. |
||
| 500 | _aIncludes Index | ||
| 650 |
_aManagement _93784 |
||
| 856 |
_k0 _l0 _yDownload |
||
| 942 |
_2ddc _cBK |
||
| 999 |
_c6421 _d6421 |
||